| 000 -LEADER |
| fixed length control field |
00999nam a2200205 4500 |
| 001 - CONTROL NUMBER |
| control field |
21700 |
| 003 - CONTROL NUMBER IDENTIFIER |
| control field |
BD-DhUAP |
| 005 - DATE AND TIME OF LATEST TRANSACTION |
| control field |
20220803111605.0 |
| 008 - FIXED-LENGTH DATA ELEMENTS--GENERAL INFORMATION |
| fixed length control field |
220723b20002021Bg a|||| |||| 000 0 eng d |
| 020 ## - INTERNATIONAL STANDARD BOOK NUMBER |
| International Standard Book Number |
98484660108 |
| 040 ## - CATALOGING SOURCE |
| Original cataloging agency |
BD-DhUAP |
| Language of cataloging |
BEN |
| Transcribing agency |
BD-DhUAP |
| Modifying agency |
BD-DhUAP |
| Description conventions |
BD-DhUAP |
| 082 ## - DEWEY DECIMAL CLASSIFICATION NUMBER |
| Edition number |
23 |
| Classification number |
346.016 MIA |
| 100 ## - MAIN ENTRY--PERSONAL NAME |
| Personal name |
মিয়া, ছিদ্দিকুর রহমান । |
| 245 ## - TITLE STATEMENT |
| Title |
বিবাহ ও তালাক সম্পর্কিত আইন : |
| Remainder of title |
মুসলিম, হিন্দু, খৃষ্টান (সর্বশেষ সংশোধনীসহ) / |
| Statement of responsibility, etc. |
ছিদ্দিকুর রহমান মিয়া । |
| 250 ## - EDITION STATEMENT |
| Edition statement |
সর্বশেষ সংস্করন ; |
| 260 ## - PUBLICATION, DISTRIBUTION, ETC. |
| Place of publication, distribution, etc. |
ঢাকা : |
| Name of publisher, distributor, etc. |
নিউ ওয়াসী বুক কপোরেশন , |
| Date of publication, distribution, etc. |
২০২১ । |
| 300 ## - PHYSICAL DESCRIPTION |
| Extent |
৫২০ পৃ: |
| Dimensions |
২২ সে.মি. |
| 650 ## - SUBJECT ADDED ENTRY--TOPICAL TERM |
| Topical term or geographic name entry element |
বিবাহ ও তালাক আইন |
| Geographic subdivision |
বাংলাদেশ । |
| 942 ## - ADDED ENTRY ELEMENTS (KOHA) |
| Source of classification or shelving scheme |
|
| Koha item type |
Book |